[Event "Women's Speed Chess Q6"]
[Site "chess.com INT"]
[Date "2021.06.05"]
[Round "2"]
[White "Li, Xueyi"]
[Black "Vantika, Agrawal"]
[Result "0-1"]
[WhiteTitle "WGM"]
[BlackTitle "WIM"]
[WhiteElo "2303"]
[BlackElo "2286"]
[WhiteFideId "8605912"]
[BlackFideId "25050389"]
[EventDate "2021.06.05"]

1. d4 Nf6 2. Nf3 g6 3. g3 Bg7 4. Bg2 O-O 5. c4 d6 6. Nc3 Nc6 7. O-O e5 8. dxe5
dxe5 9. Bg5 Be6 10. Nd5 Bxd5 11. Bxf6 Qxf6 12. cxd5 Ne7 13. e4 c6 14. Nd2 Rfd8
15. Qb3 b6 16. Rad1 Rac8 17. Nc4 cxd5 18. exd5 Nf5 19. Qd3 Nd4 20. Na3 Rc5 21.
b4 Rc3 22. Qa6 Qd6 23. Nb5 Qxb4 24. Nxc3 Qxc3 25. Qxa7 b5 26. Qe7 Rc8 27. d6 Bf8
28. Qf6 Bg7 29. Qh4 f6 30. Qe4 Rd8 31. Qd5+ Kh8 32. h4 Qb4 33. d7 Qe7 34. Bh3 f5
35. Rfe1 Rxd7 36. Qa8+ Rd8 37. Qa5 e4 38. Kh2 Nf3+ 39. Kg2 Nxe1+ 40. Rxe1 Be5
41. Qxb5 Kg7 42. a4 Rb8 43. Qc4 Rb2 44. Qc6 Qa7 45. Rf1 Bd4 46. Kg1 Bxf2+ 47.
Kh1 Bxg3 48. Bg2 Be5 49. Qe6 Bf6 50. h5 Qe3 51. hxg6 Qh6+ 52. Kg1 Bd4+ 53. Rf2
Bxf2+ 0-1

[Event "Women's Speed Chess Q6"]
[Site "chess.com INT"]
[Date "2021.06.05"]
[Round "2"]
[White "Antolak, Julia"]
[Black "Szente Varga, Fruzsina"]
[Result "1/2-1/2"]
[WhiteTitle "WIM"]
[BlackTitle "WFM"]
[WhiteElo "2309"]
[BlackElo "2100"]
[WhiteFideId "1159569"]
[BlackFideId "712264"]
[EventDate "2021.06.05"]

1. e4 e5 2. Nf3 Nc6 3. Bb5 a6 4. Ba4 Nf6 5. O-O Be7 6. Re1 b5 7. Bb3 O-O 8. c3
d5 9. exd5 Nxd5 10. Nxe5 Nxe5 11. Rxe5 c6 12. d3 Bd6 13. Re1 Qh4 14. g3 Qh3 15.
Re4 Nf6 16. Rh4 Qf5 17. Bc2 Ng4 18. Be3 Nxe3 19. fxe3 Qg5 20. Qf3 Be6 21. Nd2
Bd5 22. Ne4 Bxe4 23. Rxe4 Rae8 24. Rf1 f6 25. d4 c5 26. Kg2 cxd4 27. exd4 b4 28.
Rf2 bxc3 29. bxc3 h5 30. Qf5 Qxf5 31. Rxf5 Rxe4 32. Bxe4 g6 33. Ra5 Kg7 34. Rxa6
Rd8 35. c4 f5 36. Bf3 h4 37. d5 hxg3 38. hxg3 Be5 39. c5 Rb8 40. d6 Rb2+ 41. Kf1
Bxg3 42. d7 Rd2 43. Rd6 Rxd6 44. cxd6 Bh4 45. a4 Bd8 46. Ke2 Kf6 47. Kd3 Ke5 48.
Kc4 Kxd6 49. Bd5 Kxd7 50. Bf7 g5 51. Kd5 Ke7 52. Be6 Kf6 53. Bc8 g4 54. Kd4 Kg5
55. Ke3 f4+ 56. Kf2 Bb6+ 57. Kg2 Kh4 58. Bb7 Kg5 59. Bc6 Kf5 60. Bd7+ Kg5 61.
Bc6 g3 62. Bf3 Kf5 63. Bb7 Ke5 64. Bf3 Kd4 65. Bb7 Kc4 66. Bf3 Kb4 67. Bc6 Kc5
68. Bf3 Kb4 69. Bc6 Kc5 70. Bf3 Kb4 1/2-1/2

[Event "Women's Speed Chess Q6"]
[Site "chess.com INT"]
[Date "2021.06.05"]
[Round "2"]
[White "Socko, Monika"]
[Black "Pandey, Srishti"]
[Result "1/2-1/2"]
[WhiteTitle "GM"]
[BlackTitle "WFM"]
[WhiteElo "2393"]
[BlackElo "2026"]
[WhiteFideId "1106619"]
[BlackFideId "35093290"]
[EventDate "2021.06.05"]

1. d4 Nf6 2. c4 c5 3. d5 b5 4. cxb5 a6 5. e3 g6 6. Nc3 Bg7 7. Nf3 O-O 8. e4 axb5
9. Bxb5 d6 10. O-O Ba6 11. Bxa6 Nxa6 12. Bf4 Qb6 13. Qd2 Rfb8 14. Rab1 c4 15. e5
dxe5 16. Bxe5 Rc8 17. Rfe1 Nb4 18. Bd4 Qb7 19. a3 Nbxd5 20. Nxd5 Qxd5 21. Rxe7
Ne4 22. Qe3 Bxd4 23. Nxd4 Nf6 24. Qf4 Nh5 25. Qe4 Qxe4 26. Rxe4 c3 27. bxc3 Rxc3
28. Nb5 Rc2 29. g3 Nf6 30. Rd4 h5 31. a4 Ng4 32. Rf1 Ra2 33. Nc3 Rc2 34. Nd5 Ra2
35. Nb6 Ra6 36. Rb4 Ne5 37. Kg2 Kg7 38. Rd1 Ng4 39. Kg1 Nxf2 40. Rdb1 Nd3 41.
Rd4 Ne5 42. Rf4 Nd3 43. Rf3 Nc5 44. h4 Nxa4 45. Nxa4 R2xa4 46. Rb7 Rf6 47. Rxf6
Kxf6 48. Kg2 Ra2+ 49. Kh3 Rd2 50. Rb6+ Kg7 51. Rb4 Kh6 52. Rf4 Kg7 53. Rf3 Ra2
54. g4 hxg4+ 55. Kxg4 Ra4+ 56. Kg3 f6 57. Re3 Kf7 58. Kh3 f5 59. Re2 Kg7 60. Kg3
Kh6 61. Re8 Ra3+ 62. Kf4 Ra4+ 63. Kg3 Rg4+ 64. Kh3 Re4 65. Rh8+ Kg7 66. Rd8 Re3+
67. Kg2 Kf6 68. Rd6+ Kf7 69. Rd7+ Ke6 70. Rg7 Kf6 71. Rd7 f4 72. Rd6+ Kf5 73.
Rc6 Ra3 74. Rb6 Ra2+ 75. Kh3 Ra3+ 76. Kg2 Rc3 77. Ra6 f3+ 78. Kg3 f2+ 79. Kxf2
Kg4 80. Rxg6+ Kxh4 81. Rh6+ Kg5 1/2-1/2

[Event "Women's Speed Chess Q6"]
[Site "chess.com INT"]
[Date "2021.06.05"]
[Round "2"]
[White "Golubeva, Oksana"]
[Black "Paehtz, Elisabeth"]
[Result "0-1"]
[WhiteTitle "WFM"]
[BlackTitle "IM"]
[WhiteElo "2179"]
[BlackElo "2456"]
[WhiteFideId "4170164"]
[BlackFideId "4641833"]
[EventDate "2021.06.05"]

1. Nf3 g6 2. g3 Bg7 3. d4 d6 4. Bg2 Nf6 5. b3 O-O 6. Bb2 c6 7. O-O Qa5 8. h3 Qh5
9. g4 Bxg4 10. hxg4 Nxg4 11. Nbd2 d5 12. e4 Nd7 13. Re1 Ndf6 14. e5 Nd7 15. Nf1
f5 16. e6 Ndf6 17. Ng3 Qh6 18. Bc1 f4 19. Nf1 Ne4 20. Re2 g5 21. Qe1 Ngf6 22.
Ne5 Qh5 23. f3 Nd6 24. c4 Nf5 25. Bb2 g4 26. fxg4 Nxg4 27. Bf3 Bxe5 28. Bxg4
Qxg4+ 29. Rg2 Ng3 30. Qxe5 Rf5 31. Qe1 Rg5 32. Nxg3 fxg3 33. Rd1 Rf8 34. Rd3 Rf3
35. Rxf3 Qxf3 36. Qe2 Qf4 37. Bc3 Rg6 38. Bd2 Qxd4+ 39. Qe3 Qg4 40. Be1 Rxe6 41.
Qxg3 Qxg3 42. Bxg3 Kf7 43. Bf2 Re4 44. Bxa7 dxc4 45. bxc4 Rxc4 46. Rb2 Ra4 47.
Bc5 b5 48. Kf2 Rc4 49. Be3 Ke6 50. Kf3 Ke5 51. Rh2 Ra4 52. Rh5+ Kd6 53. Bc5+ Kd7
54. Rxh7 Rxa2 55. Rxe7+ Kd8 56. Rh7 Rc2 57. Bb6+ Ke8 58. Rc7 b4 59. Ke4 b3 60.
Kd3 Rc1 61. Be3 b2 62. Rc8+ Kd7 63. Rb8 b1=Q+ 64. Rxb1 Rxb1 65. Kc2 Rb5 66. Kc3
Ke6 67. Kc4 Kd6 68. Bf4+ Kd7 69. Be3 Rd5 70. Bf4 Rf5 71. Be3 Ke6 72. Bb6 Kd6 73.
Ba7 c5 74. Bb8+ Kc6 75. Bg3 Rg5 76. Bf2 Rg4+ 77. Kc3 Kd5 78. Kd3 Rf4 79. Bh4
Rf3+ 80. Ke2 Rh3 81. Bf6 Kc4 82. Kd2 Kb3 83. Kc1 c4 0-1

[Event "Women's Speed Chess Q6"]
[Site "chess.com INT"]
[Date "2021.06.05"]
[Round "2"]
[White "Balabayeva, Xeniya"]
[Black "Corrales Jimenez, Zenia"]
[Result "1/2-1/2"]
[WhiteTitle "WFM"]
[BlackTitle "WIM"]
[WhiteElo "2116"]
[BlackElo "2189"]
[WhiteFideId "13719688"]
[BlackFideId "3506355"]
[EventDate "2021.06.05"]

1. e4 c5 2. Nf3 Nc6 3. Bb5 d6 4. O-O Bd7 5. c3 a6 6. Bxc6 Bxc6 7. Re1 g6 8. d4
cxd4 9. cxd4 Bg7 10. Nc3 Nf6 11. h3 O-O 12. Bf4 Rc8 13. Qd3 b5 14. a3 Bb7 15.
Rac1 Nd7 16. Qd2 Nb6 17. b3 Qd7 18. Bh6 a5 19. Bxg7 Kxg7 20. Qd3 b4 21. axb4
axb4 22. Na2 Rxc1 23. Rxc1 Rc8 24. Re1 d5 25. e5 Qf5 26. Qb5 Qe6 27. Nxb4 Ba8
28. Nd3 Nd7 29. Nc5 Qc6 30. Qxc6 Bxc6 31. Rc1 Nb6 32. Nd2 Bb5 33. f4 Ra8 34. Kf2
Ra2 35. Ke3 h6 36. Nd3 e6 37. Rc5 Bxd3 38. Kxd3 Ra1 39. Rc2 Rg1 40. Nf3 Rf1 41.
Rc6 Nd7 42. Rd6 Nf8 43. Nd2 Ra1 44. b4 Ra4 45. b5 Rb4 46. b6 Nd7 47. Rxd7 Rxb6
48. Rc7 Rb2 49. Ke3 g5 50. Rc3 gxf4+ 51. Kd3 Ra2 52. Rc2 Ra3+ 53. Ke2 Kg6 54.
Nf3 Kf5 55. Kf2 Rb3 56. Rc7 Kg6 57. Rc8 Kg7 58. Rd8 Rb2+ 59. Kg1 Rb4 60. Kh2 Rb3
61. h4 Rb4 62. Kh3 Rb3 63. h5 Rb2 64. Rc8 Ra2 65. Rc3 Rb2 66. Rc1 Ra2 67. Rg1
Rb2 68. Kg4 f6 69. Kxf4 fxe5+ 70. Kg4 e4 71. Ne5 Rd2 72. Rf1 Rxd4 73. Rf7+ Kg8
74. Re7 Rd2 75. g3 e3 76. Rxe6 e2 77. Nf3 Rd3 78. Rxe2 d4 79. Re4 Ra3 80. Rxd4
Ra5 81. Rd6 Rb5 82. Rxh6 Rb4+ 83. Kh3 Kg7 84. Rg6+ Kh7 85. Ng5+ Kh8 86. h6 Rh4+
87. Kg2 Rh2+ 88. Kf3 Rf2+ 89. Kg4 Rf4+ 90. Kxf4 1/2-1/2

[Event "Women's Speed Chess Q6"]
[Site "chess.com INT"]
[Date "2021.06.05"]
[Round "3"]
[White "Corrales Jimenez, Zenia"]
[Black "Kiran, Manisha Mohanty"]
[Result "1-0"]
[WhiteTitle "WIM"]
[BlackTitle "WGM"]
[WhiteElo "2189"]
[BlackElo "2168"]
[WhiteFideId "3506355"]
[BlackFideId "5019575"]
[EventDate "2021.06.05"]

1. e4 c5 2. Nf3 d6 3. Bb5+ Nd7 4. O-O Nf6 5. Re1 a6 6. Bxd7+ Bxd7 7. c3 e5 8. d4
Bg4 9. h3 Bxf3 10. Qxf3 Be7 11. Bg5 h6 12. Bxf6 Bxf6 13. dxc5 dxc5 14. Na3 O-O
15. Nc4 Bg5 16. Rad1 Qc7 17. Rd5 Rfe8 18. Red1 b5 19. Rd7 Qc8 20. Qxf7+ 1-0

[Event "Women's Speed Chess Q6"]
[Site "chess.com INT"]
[Date "2021.06.05"]
[Round "3"]
[White "Zaksaite, Salomeja"]
[Black "Singgih, Diajeng Theresa"]
[Result "1-0"]
[WhiteTitle "WIM"]
[BlackTitle "WFM"]
[WhiteElo "2202"]
[BlackElo "1972"]
[WhiteFideId "12801496"]
[BlackFideId "7104391"]
[EventDate "2021.06.05"]

1. e4 e5 2. Nf3 Nc6 3. Bc4 Bc5 4. d3 Nf6 5. Nbd2 d6 6. h3 O-O 7. c3 Be6 8. Bb3
d5 9. Qe2 d4 10. O-O Bb6 11. Rd1 Qd7 12. Nf1 h6 13. g4 Rad8 14. Ng3 dxc3 15.
bxc3 Qe7 16. Nf5 Bxf5 17. gxf5 Nh5 18. Kh2 Nf4 19. Bxf4 exf4 20. Rg1 Ne5 21. d4
Nxf3+ 22. Qxf3 c5 23. Qxf4 cxd4 24. f6 Qc7 25. Rxg7+ Kh8 26. e5 1-0

[Event "Women's Speed Chess Q6"]
[Site "chess.com INT"]
[Date "2021.06.05"]
[Round "3"]
[White "Cori T., Deysi"]
[Black "Petrova, Irina"]
[Result "1-0"]
[WhiteTitle "WGM"]
[BlackTitle "WIM"]
[WhiteElo "2388"]
[BlackElo "2110"]
[WhiteFideId "3801934"]
[BlackFideId "14124122"]
[EventDate "2021.06.05"]

1. Nf3 d6 2. d4 g6 3. g3 Bg7 4. Bg2 Nc6 5. O-O Nf6 6. Nbd2 O-O 7. Nc4 Bf5 8. a4
Rb8 9. c3 a6 10. Re1 b5 11. axb5 axb5 12. Ncd2 Ne4 13. Nh4 d5 14. Nxf5 gxf5 15.
Nb3 e6 16. f3 Nd6 17. Nc5 b4 18. Kh1 bxc3 19. bxc3 Ne7 20. e4 fxe4 21. fxe4 dxe4
22. Nxe4 Nxe4 23. Rxe4 Nd5 24. Rh4 Qf6 25. Be4 Nxc3 26. Bxh7+ Kh8 27. Qd3 Qxd4
28. Rxd4 1-0

[Event "Women's Speed Chess Q6"]
[Site "chess.com INT"]
[Date "2021.06.05"]
[Round "3"]
[White "Mohota, Nisha"]
[Black "Smietanska, Wiktoria"]
[Result "1-0"]
[WhiteTitle "IM"]
[BlackTitle "CM"]
[WhiteElo "2195"]
[BlackElo "1802"]
[WhiteFideId "5004330"]
[BlackFideId "21869359"]
[EventDate "2021.06.05"]

1. b3 d5 2. Bb2 Nf6 3. e3 e6 4. f4 c5 5. Nf3 Be7 6. Be2 Nc6 7. O-O O-O 8. Bb5
Qc7 9. Bxc6 Qxc6 10. Ne5 Qc7 11. Rf3 b5 12. Rh3 c4 13. Nc3 b4 14. Nb5 Qc5 15.
Nd4 c3 16. dxc3 bxc3 17. Bc1 Ne4 18. a4 f6 19. Nec6 Bd6 20. Ba3 Qb6 21. Bxd6
Nxd6 22. Qh5 h6 23. Ne7+ Kh7 24. Qg6+ Kh8 25. Rxh6+ gxh6 26. Qxh6# 1-0

[Event "Women's Speed Chess Q6"]
[Site "chess.com INT"]
[Date "2021.06.05"]
[Round "3"]
[White "Fronda, Jan Jodilyn"]
[Black "Vu, Bui Thi Thanh Van"]
[Result "1-0"]
[WhiteTitle "WIM"]
[BlackTitle "WFM"]
[WhiteElo "2152"]
[BlackElo "1750"]
[WhiteFideId "5204585"]
[BlackFideId "12408921"]
[EventDate "2021.06.05"]

1. e4 e6 2. d4 d5 3. exd5 exd5 4. Nf3 Bg4 5. c4 Nf6 6. Nc3 Be7 7. Bd3 dxc4 8.
Bxc4 Nbd7 9. O-O Nb6 10. Bxf7+ Kf8 11. Bb3 c6 12. h3 Bh5 13. Re1 Nbd5 14. Nxd5
cxd5 15. Bg5 Qd6 16. Qd3 h6 17. Bxf6 Bxf6 18. Qf5 Bf7 19. Ne5 Rd8 20. Nxf7 Kxf7
21. Re5 Rhf8 22. Rxd5 Qe6 23. Qxe6+ Kxe6 24. Rxd8+ Ke7 25. Rxf8 Kxf8 26. Re1
Bxd4 27. Rd1 Bxb2 28. Rd7 Bf6 29. Rxb7 Ke8 30. Rxa7 Kd8 31. Rf7 1-0

[Event "Women's Speed Chess Q6"]
[Site "chess.com INT"]
[Date "2021.06.05"]
[Round "3"]
[White "Tokhirjonova, Gulrukhbegim"]
[Black "Nandhidhaa, P V"]
[Result "1-0"]
[WhiteTitle "WGM"]
[BlackTitle "WGM"]
[WhiteElo "2344"]
[BlackElo "2365"]
[WhiteFideId "14203626"]
[BlackFideId "5050847"]
[EventDate "2021.06.05"]

1. e4 g6 2. d4 Bg7 3. Nc3 d5 4. e5 h5 5. Bf4 Nh6 6. h3 Nf5 7. Nf3 Be6 8. Bd3 Nc6
9. Ne2 Nb4 10. c3 Nxd3+ 11. Qxd3 Qd7 12. O-O-O O-O-O 13. Ng5 f6 14. Nxe6 Qxe6
15. g4 hxg4 16. hxg4 Nh4 17. Bg3 Qxg4 18. Bxh4 Rxh4 19. Rhg1 Qh5 20. Rxg6 Bh6+
21. Kb1 Re4 22. Rxh6 Qxh6 23. Ng3 Rf4 24. Nf5 Qh7 25. Nd6+ cxd6 26. Qxh7 dxe5
27. dxe5 fxe5 28. Qxe7 Rxf2 29. Qc5+ 1-0

[Event "Women's Speed Chess Q6"]
[Site "chess.com INT"]
[Date "2021.06.05"]
[Round "3"]
[White "Agrest, Inna"]
[Black "Kubicka, Anna"]
[Result "1-0"]
[WhiteTitle "WIM"]
[BlackTitle "WIM"]
[WhiteElo "2285"]
[BlackElo "2210"]
[WhiteFideId "1708830"]
[BlackFideId "1152254"]
[EventDate "2021.06.05"]

1. e4 c5 2. Nf3 d6 3. d4 cxd4 4. Nxd4 Nf6 5. Nc3 a6 6. Bg5 Nbd7 7. Qe2 h6 8. Bh4
e5 9. Nf5 g6 10. Ne3 Be7 11. O-O-O b5 12. f3 Bb7 13. a3 Rc8 14. Kb1 Qa5 15. Be1
Qc7 16. h4 h5 17. g4 hxg4 18. Nxg4 Nxg4 19. fxg4 Nb6 20. h5 Nc4 21. Bg2 gxh5 22.
Rxh5 Rxh5 23. gxh5 Bg5 24. Rd3 Qc5 25. Qg4 Qg1 26. Rd1 Ne3 27. Qxg5 Nxd1 28.
Qg8+ Kd7 29. Bh3+ Kc6 30. Qxg1 Nxc3+ 1-0

[Event "Women's Speed Chess Q6"]
[Site "chess.com INT"]
[Date "2021.06.05"]
[Round "3"]
[White "Vine, Elzbieta"]
[Black "Kotepalli, Sai Nirupama"]
[Result "0-1"]
[WhiteTitle "WFM"]
[BlackTitle "WFM"]
[WhiteElo "2138"]
[BlackElo "1914"]
[WhiteFideId "1119320"]
[BlackFideId "5039444"]
[EventDate "2021.06.05"]

1. e4 c5 2. Nc3 e6 3. f4 Nc6 4. Bc4 g6 5. Nf3 Bg7 6. O-O Nge7 7. f5 d5 8. fxg6
hxg6 9. exd5 exd5 10. Bd3 Qc7 11. Qe1 Be6 12. Nb5 Qb6 13. Nd6+ Kd7 14. Nxf7 Bxf7
15. c4 Qc7 16. cxd5 Bxd5 17. Be4 Nd4 18. g3 Raf8 19. Rb1 Nxf3+ 20. Bxf3 Rxf3 21.
d3 Bd4+ 22. Be3 Bxe3+ 0-1

[Event "Women's Speed Chess Q6"]
[Site "chess.com INT"]
[Date "2021.06.05"]
[Round "3"]
[White "Padmini, Rout"]
[Black "Arabidze, Meri"]
[Result "0-1"]
[WhiteTitle "IM"]
[BlackTitle "IM"]
[WhiteElo "2370"]
[BlackElo "2432"]
[WhiteFideId "5029295"]
[BlackFideId "13604040"]
[EventDate "2021.06.05"]

1. e4 c5 2. Nf3 e6 3. c3 Nc6 4. d3 d5 5. Qe2 Nf6 6. g3 Be7 7. Bg2 O-O 8. Nbd2 b6
9. O-O Ba6 10. e5 Nd7 11. Re1 Qc7 12. Nf1 Rae8 13. h4 f6 14. exf6 Bxf6 15. Ng5
Nde5 16. Rd1 h6 17. f4 hxg5 18. hxg5 Bxg5 19. fxg5 Qf7 20. Nh2 Qg6 21. Bf4 Nxd3
22. Bd6 Rf2 23. Qe3 Rxb2 24. Bxd5 exd5 0-1

[Event "Women's Speed Chess Q6"]
[Site "chess.com INT"]
[Date "2021.06.05"]
[Round "3"]
[White "Morris-Suzuki, Sophie"]
[Black "Dauletova, Gulmira"]
[Result "1-0"]
[WhiteTitle "WFM"]
[BlackTitle "WGM"]
[WhiteElo "2043"]
[BlackElo "2257"]
[WhiteFideId "30922615"]
[BlackFideId "13702971"]
[EventDate "2021.06.05"]

1. e4 e5 2. Nf3 Nc6 3. Bc4 Bc5 4. O-O Nf6 5. d4 Bxd4 6. Nxd4 Nxd4 7. Bg5 d6 8.
f4 Be6 9. Na3 Qe7 10. c3 Nc6 11. f5 Bxc4 12. Nxc4 h6 13. Bxf6 Qxf6 14. Ne3 Ne7
15. Ng4 Qg5 16. f6 Ng8 17. Rf5 Qg6 18. fxg7 Qxg7 19. Qf3 h5 20. Ne3 Ne7 21. Rf6
Ng6 22. Nd5 O-O 23. Rf1 c6 24. Ne3 Nf4 25. Rf5 Qg6 26. Kh1 1-0

[Event "Women's Speed Chess Q6"]
[Site "chess.com INT"]
[Date "2021.06.05"]
[Round "3"]
[White "Batsiashvili, Nino"]
[Black "Bommini, Mounika Akshaya"]
[Result "1-0"]
[WhiteTitle "GM"]
[BlackTitle "WFM"]
[WhiteElo "2491"]
[BlackElo "2029"]
[WhiteFideId "13602993"]
[BlackFideId "25019872"]
[EventDate "2021.06.05"]

1. c4 f5 2. Nc3 e6 3. g3 Nf6 4. Bg2 d5 5. d4 c6 6. Bf4 Bd6 7. Bxd6 Qxd6 8. Nf3
O-O 9. O-O f4 10. Ne5 fxg3 11. hxg3 Nbd7 12. f4 Nh5 13. Qd3 Qe7 14. e4 dxe4 15.
Nxe4 Nxe5 16. fxe5 Bd7 17. Bf3 Qf7 18. Nd6 Qg6 19. Qxg6 hxg6 20. Kg2 b6 21. b3
Rad8 22. Be4 c5 23. Bxg6 Bc6+ 24. d5 exd5 25. Bxh5 dxc4+ 26. Kh2 cxb3 27. axb3
a5 28. Rxf8+ Rxf8 29. e6 1-0

[Event "Women's Speed Chess Q6"]
[Site "chess.com INT"]
[Date "2021.06.05"]
[Round "3"]
[White "Nguyen, Hong Anh"]
[Black "Pandey, Srishti"]
[Result "1/2-1/2"]
[WhiteTitle "WIM"]
[BlackTitle "WFM"]
[WhiteElo "1993"]
[BlackElo "2026"]
[WhiteFideId "12406732"]
[BlackFideId "35093290"]
[EventDate "2021.06.05"]

1. d4 Nf6 2. c4 c5 3. Nf3 cxd4 4. Nxd4 d5 5. g3 Nc6 6. Bg2 e5 7. Nxc6 bxc6 8.
cxd5 cxd5 9. O-O Be7 10. Nc3 Be6 11. Bg5 e4 12. Qa4+ Nd7 13. Bxe7 Qxe7 14. Rfd1
O-O 15. Nxd5 Bxd5 16. Rxd5 Nb6 17. Qxe4 Nxd5 18. Qxd5 Qxe2 19. b3 Rad8 20. Qc5
Qb2 21. Rf1 Qxa2 22. b4 Rc8 23. Qe7 Rfe8 24. Qd6 Qe6 25. Qd4 Qb6 26. Qf4 Red8
27. Rb1 Rb8 28. b5 a6 29. Bf1 Qc5 30. Rc1 Qd6 31. Qxd6 Rxd6 32. bxa6 Ra8 33. Rc7
g6 34. Bc4 Raxa6 35. Bxa6 Rxa6 36. Kg2 Kg7 1/2-1/2

[Event "Women's Speed Chess Q6"]
[Site "chess.com INT"]
[Date "2021.06.05"]
[Round "3"]
[White "Mendoza, Shania Mae"]
[Black "Bodnaruk, Anastasia"]
[Result "0-1"]
[WhiteTitle "WFM"]
[BlackTitle "IM"]
[WhiteElo "2158"]
[BlackElo "2446"]
[WhiteFideId "5211158"]
[BlackFideId "4181751"]
[EventDate "2021.06.05"]

1. e4 c5 2. Nf3 d6 3. g3 Nc6 4. Bg2 g6 5. h3 Bg7 6. O-O e5 7. Re1 Nge7 8. c3 O-O
9. a4 h6 10. Na3 Be6 11. Nc2 d5 12. exd5 Bxd5 13. Ne3 Be6 14. d3 Qc7 15. Nc4
Rad8 16. Qc2 Bf5 17. Rd1 Qd7 18. Be3 Bxd3 19. Qb3 Qe6 20. Rxd3 Rxd3 21. Bxc5
Rfd8 22. Bf1 Rxf3 23. Be3 Nd5 24. Qxb7 Nxe3 25. Nxe3 e4 26. Bc4 Qd7 27. Qb3 Ne5
28. Bf1 Rxe3 29. fxe3 Nf3+ 30. Kh1 Qd2 31. Bg2 Qf2 32. Rd1 Rxd1+ 33. Qxd1 Qxg3 0-1

[Event "Women's Speed Chess Q6"]
[Site "chess.com INT"]
[Date "2021.06.05"]
[Round "3"]
[White "Von Herman, Brigitte"]
[Black "Obregon Garcia, Roxangel"]
[Result "0-1"]
[WhiteTitle "WFM"]
[BlackTitle "WIM"]
[WhiteElo "1991"]
[BlackElo "2167"]
[WhiteFideId "4628730"]
[BlackFideId "3520420"]
[EventDate "2021.06.05"]

1. e4 c5 2. c3 d5 3. exd5 Qxd5 4. d4 Nc6 5. Nf3 Bf5 6. Be3 cxd4 7. cxd4 Bxb1 8.
Rxb1 e6 9. a3 Nf6 10. Bd3 Be7 11. O-O O-O 12. Re1 Rfd8 13. Bc2 h6 14. Qd3 Qh5
15. h3 e5 16. Qd2 exd4 17. Nxd4 Nxd4 18. Bxd4 Bc5 19. Rbd1 Rxd4 20. Qxd4 Bxd4
21. Rxd4 Qc5 22. Rd2 Rc8 23. Bd1 Qa5 24. Rde2 Rc1 25. Kf1 Qb5 26. b4 Ne4 27. Kg1
Rxd1 28. Rxe4 Rxe1+ 29. Rxe1 Qd3 30. Re3 Qd2 31. g3 Kf8 32. Kg2 f5 33. h4 Kf7
34. Rf3 Kf6 35. h5 Qd5 36. b5 Kg5 0-1

[Event "Women's Speed Chess Q6"]
[Site "chess.com INT"]
[Date "2021.06.05"]
[Round "3"]
[White "Kabanova, Ekaterina"]
[Black "Chu, Ruotong"]
[Result "0-1"]
[WhiteTitle "WFM"]
[BlackTitle "WIM"]
[WhiteElo "2138"]
[BlackElo "2207"]
[WhiteFideId "24112917"]
[BlackFideId "8605653"]
[EventDate "2021.06.05"]

1. c4 c5 2. e3 Nf6 3. a3 Nc6 4. Qc2 g6 5. Nf3 Bg7 6. Be2 O-O 7. O-O e5 8. d3 d6
9. Nbd2 a6 10. Rb1 Rb8 11. b4 cxb4 12. axb4 Bg4 13. h3 Bf5 14. b5 axb5 15. Rxb5
Qe7 16. Ba3 e4 17. dxe4 Nxe4 18. Nxe4 Bxe4 19. Qb1 Bxb1 20. Rfxb1 Rfd8 21. Rb6
Bh6 22. R1b3 Bg7 23. Rb1 h6 24. g3 Ne5 25. Nd4 Qc7 26. R1b4 Nc6 27. Rb1 Nxd4 28.
exd4 Bxd4 29. R6b5 Bc5 30. Bb2 Qe7 31. Bf3 b6 32. Kg2 Re8 33. Rb3 Qd7 34. Bf6 h5
35. h4 Re6 36. Bg5 Rbe8 37. Rd3 Re1 38. Rxe1 Rxe1 39. Bd5 Qf5 40. Rf3 Qe5 41.
Rxf7 Qxd5+ 42. cxd5 Kxf7 43. Bd2 Re2 44. Bc3 Rxf2+ 45. Kh3 Rf3 46. Bd2 b5 47.
Kg2 Rd3 48. Kh3 b4 49. Bc1 b3 50. Kg2 Rxd5 51. g4 Rd1 52. Bb2 Rd2+ 53. Kf3 Rxb2
54. gxh5 gxh5 55. Ke4 Rc2 56. Kf5 b2 57. Kg5 b1=Q 58. Kxh5 0-1

[Event "Women's Speed Chess Q6"]
[Site "chess.com INT"]
[Date "2021.06.05"]
[Round "3"]
[White "Eswaran, Aksithi"]
[Black "Fernandez, Maria Florencia"]
[Result "0-1"]
[WhiteTitle "WCM"]
[BlackTitle "WIM"]
[WhiteElo "1745"]
[BlackElo "2229"]
[WhiteFideId "2083485"]
[BlackFideId "116459"]
[EventDate "2021.06.05"]

1. e4 c5 2. Nf3 d6 3. d4 cxd4 4. Nxd4 Nf6 5. Nc3 g6 6. Be2 Bg7 7. Be3 O-O 8. Qd2
Nc6 9. O-O-O Bd7 10. Kb1 Rc8 11. f3 Ne5 12. h4 Nc4 13. Bxc4 Rxc4 14. g4 b5 15.
Qd3 a6 16. h5 Qa5 17. Nb3 Qc7 18. hxg6 fxg6 19. Nd5 Nxd5 20. Qxd5+ Rf7 21. Qd3
Rxf3 22. Qd5+ e6 23. Qd2 Rxe4 24. Bh6 Bxh6 25. Qxh6 Rf7 26. Rhf1 Re2 27. Nd4
Ref2 28. Rxf2 Rxf2 29. Rh1 Rf7 30. Qe3 Qb7 31. Re1 Qd5 32. a3 e5 33. Nb3 Bxg4
34. Rg1 Bf5 35. Rc1 Rc7 36. Qb6 Rxc2 37. Qb8+ Kg7 38. Rxc2 Qxb3 39. Qc7+ Kh6 40.
Qc3 Qxc2+ 41. Qxc2 Bxc2+ 42. Kxc2 0-1

[Event "Women's Speed Chess Q6"]
[Site "chess.com INT"]
[Date "2021.06.05"]
[Round "3"]
[White "Szente Varga, Fruzsina"]
[Black "Frayna, Janelle Mae"]
[Result "1-0"]
[WhiteTitle "WFM"]
[BlackTitle "WGM"]
[WhiteElo "2100"]
[BlackElo "2179"]
[WhiteFideId "712264"]
[BlackFideId "5212499"]
[EventDate "2021.06.05"]

1. e4 c6 2. d4 d5 3. Nc3 dxe4 4. Nxe4 Bf5 5. Ng3 Bg6 6. Bc4 Nf6 7. c3 Nbd7 8.
N1e2 e6 9. O-O Bd6 10. f4 O-O 11. f5 exf5 12. Nxf5 Bb8 13. Qe1 Nb6 14. Bd3 c5
15. Qh4 cxd4 16. Nexd4 Nfd5 17. Bg5 f6 18. Bh6 gxh6 19. Nxh6+ Kh8 20. Bxg6 Qd6
21. Nf7+ Rxf7 22. Bxf7 Bc7 23. Nf5 Qc5+ 24. Kh1 Be5 25. c4 Ne7 26. Rae1 Rf8 27.
Nxe7 Qxe7 28. Bd5 Rd8 29. Rf5 Nxd5 30. Rfxe5 Qf8 31. Rxd5 1-0